The Alphabet Backwards Quiz Stats

 Plays Quiz not verified by Sporcle

Challenge
Share
Tweet
Embed
Score 0/26 Timer 01:00
0 Plays Today
Albhabet Backwards % Correct
z
99.8%
y
99.6%
x
99.6%
w
99.4%
v
98.9%
u
98.7%
t
98.3%
s
97.7%
r
97.3%
q
97%
p
96.6%
o
96.2%
n
95.8%
Albhabet Backwards % Correct
m
95.6%
l
95.4%
k
93.9%
j
93.5%
i
93.5%
h
92.8%
g
91.1%
f
89.8%
a
89.6%
e
89.4%
d
89.4%
c
89%
b
89%

You're not logged in!

Compare scores with friends on all Sporcle quizzes.
OR
Log In

You Might Also Like...

Show Comments

Extras

Created Oct 14, 2009ReportNominate
Tags:Alphabet Quiz, backward

Top Quizzes Today


Score Distribution

Your Account Isn't Verified!

In order to create a playlist on Sporcle, you need to verify the email address you used during registration. Go to your Sporcle Settings to finish the process.

Report this User

Report this user for behavior that violates our Community Guidelines.

Details: